[Event "CHI-chT"]
[Site "Santiago de Chile"]
[Date "2019.09.05"]
[Round "1.2"]
[White "Cantuarias Lagunas, Carlos"]
[Black "Adasme Gutierrez, Fernando"]
[Result "1-0"]
[WhiteElo "1768"]
[BlackElo "1486"]
[PlyCount "74"]
[EventDate "2019.09.05"]
[EventType "team-swiss"]
[EventRounds "9"]
[EventCountry "CHI"]
[SourceTitle "CBM 193 Extra"]
[Source "ChessBase"]
[SourceDate "2020.01.31"]
[SourceVersion "1"]
[SourceVersionDate "2020.01.31"]
[SourceQuality "1"]
[WhiteTeam "Casablanca Tours II"]
[BlackTeam "Chess Friends"]
[WhiteTeamCountry "CHI"]
[BlackTeamCountry "CHI"]

1. e4 d6 2. d4 Nf6 3. Bd3 g6 4. c4 Bg7 5. Nc3 0-0 6. h3 Nbd7 7. Nf3 c5 8. Be3 b6 9. 0-0 Bb7 10. Re1 e5 11. d5 a6 12. Qd2 Nh5 13. Bh6 Nf4 14. Bxg7 Kxg7 15. Bf1 Bc8 16. g3 Nh5 17. Kh2 Ndf6 18. Bg2 h6 19. a4 Nh7 20. Nh4 Nf4 21. gxf4 Qxh4 22. fxe5 Ng5 23. Qe3 f5 24. f4 Nxe4 25. Nxe4 fxe4 26. Rf1 dxe5 27. fxe5 Bf5 28. Rf4 Qe7 29. e6 Qd6 30. Kh1 Rf6 31. Bxe4 Qe5 32. Re1 Qxb2 33. Bxf5 gxf5 34. Rg1+ Kf8 35. e7+ Kf7 36. Rxf5 Rh8 37. Qe6+ Ke8 1-0

[Event "Santiago IRT 2 Escalerilla"]
[Site "Santiago de Chile"]
[Date "2018.07.05"]
[Round "1.6"]
[White "Bulgarini Torre, Marco"]
[Black "Adasme Gutierrez, Fernando"]
[Result "1-0"]
[WhiteElo "1873"]
[BlackElo "1693"]
[PlyCount "76"]
[EventDate "2018.07.05"]
[EventType "swiss"]
[EventRounds "6"]
[EventCountry "CHI"]
[SourceTitle "EXT 2024"]
[Source "ChessBase"]
[SourceDate "2023.10.10"]
[SourceVersion "1"]
[SourceVersionDate "2023.10.10"]
[SourceQuality "1"]

1. e4 d6 2. Nc3 g6 3. g3 Bg7 4. Bg2 e5 5. Nge2 Nf6 6. 0-0 0-0 7. d4 Nbd7 8. h3 h6 9. Be3 Nh7 10. Qd2 g5 11. f4 f6 12. Rad1 Rf7 13. Qd3 Bf8 14. fxe5 fxe5 15. Rxf7 Kxf7 16. Qc4+ Kg7 17. Rf1 Ndf6 18. g4 Qe7 19. Ng3 c6 20. a3 Kh8 21. b4 Be6 22. Qe2 b5 23. dxe5 dxe5 24. Qf2 Qc7 25. Nf5 h5 26. gxh5 Nxh5 27. Bxg5 Nf4 28. Bxf4 Bxf5 29. exf5 exf4 30. Qxf4 Bd6 31. Qh4 Rg8 32. Qh6 Bh2+ 33. Kh1 Qg3 34. Qxc6 Qe5 35. Nxb5 Qe2 36. Nd4 Qe5 37. Nf3 Qxf5 38. Nxh2 Qxc2 1-0